Os Gados riqueza nacional (Record no. 45520)
[ view plain ]
| 000 -Etiqueta do registo | |
|---|---|
| Valores | 00476cam a22001811 4500 |
| 100 ## - Dados gerais de processamento | |
| Dados gerais | 19930515d1947 km y0pory5003 ba |
| 101 0# - Língua de publicação | |
| Língua | por |
| 102 ## - País de publicação | |
| País | PT |
| 200 1# - Titulo e menção de responsabilidade | |
| Título próprio | Os Gados riqueza nacional |
| Primeira menção de responsabilidade | J. J. Costa Júnior |
| 210 #9 - Publicação | |
| Local de publicação | Lisboa |
| Nome do editor | Edições Cosmos, |
| Data de publicação | 1947 |
| 215 ## - Descrição física | |
| Paginação / Volumes | 114, [2] p. |
| Dimensões | 19 cm |
| 225 2# - Colecção | |
| Título próprio da colecção | Biblioteca Cosmos. |
| Nome de parte ou secção | Problemas do nosso tempo. |
| Indicação de volume | 17 |
| 675 ## - CDU | |
| Notação | 636 |
| 700 #1 - Autor principal | |
| Apelido | Costa Júnior, |
| Nome | J. J. |
| 801 #0 - Fonte de origem | |
| País | PT |
| Agência | BN |
| Regras de catalogação | RPC |
| 990 ## - Elementos KOHA | |
| Tipo de documento | MON |
| Aquisição | Empréstimo | Código de barras | Cota | Permissão de empréstimo | Tipo de documento | Nota relativa ao exemplar |
|---|---|---|---|---|---|---|
| Biblioteca Municipal de Redondo | Biblioteca Municipal de Redondo | 056224 | 636 COS | Consulta presencial | Livro | oferta deVergílio Ambrósio |